000 00561nam a2200205Ia 4500
003 GCL
008 140319s9999 xx 000 0 ara d
040 _aGCL /
_cGCL
082 0 4 _a808.2
_bد ف
100 1 _aاجرى، لاجوس
245 1 0 _aفن كتابة المسرحية /
_cاجرى، لاجوس
700 1 _aدرينى خشبة
260 _a[S.N] :
_bدار سعاد الصباح ،
_c1993
300 _a554 ص
490 _a
650 0 4 _aالادب
650 0 4 _aالمسرح
650 0 4 _aالتأليف المسرحى
942 _2ddc
_cBK
999 _c35090
_d35090